| 000 | 00576nam a2200157 a 4500 | ||
|---|---|---|---|
| 008 | 120416s0000 ||||||||||||||||| || u | ||
| 020 | _a0333320107 | ||
| 050 | _aE 184.A1 Mar | ||
| 100 | _aMarable, Manning | ||
| 245 | 1 | 0 | _aRace, reform and rebellion |
| 246 | _athe second reconstruction in Black America, 1945-1982 | ||
| 260 |
_aLondon _bMacmillan _c1984 |
||
| 300 | _axii, 249p. | ||
| 350 | _a0.00 | ||
| 995 |
_D0.00 _FCBU-MAIN LIBRARY (Kitwe) _H1 _I14.00 _M1 _UAVAILABLE _WOct 11, 2006 _ZMain Library Open Access Collection |
||
| 999 |
_c55537 _d55537 |
||